| 000 | 00748nam a2200205 a 4500 | ||
|---|---|---|---|
| 001 | 000030618 | ||
| 003 | AM-YEHGA | ||
| 005 | 20250618070936.0 | ||
| 008 | 030329s1973 ai | |||| ||| | arm d | ||
| 040 | _aAM-YeHGA | ||
| 041 | 0 | _aarm | |
| 245 | 0 | 0 |
_aՏաջիկական քնար / _cԿազմ.՝ Ս.Հ. Ումառյան և Ու.Ք. Մահմուդով. |
| 260 |
_aԵրևան : _bՀայաստան, _c1973. |
||
| 300 |
_a379 էջ : _bդիմանկ. ; _c17 սմ. |
||
| 650 | 1 | 4 |
_aՏաջիկական գրականություն _xՊոեզիա |
| 700 | 1 |
_aՈւմառյան, Սերգեյ Հովհաննեսի, _d1920-1995 _eկազմ. _4com _eխմբ. _4edt _92472 |
|
| 700 | 1 |
_aՄահմուդով, ՈՒ.Ք. _eկազմ. _4com |
|
| 942 |
_2udc _cBK |
||
| 090 | _c14279 | ||
| 999 |
_c14171 _d14171 |
||